<?xml version="1.0" encoding="UTF-8"?>
<collection xmlns="http://www.loc.gov/MARC21/slim">
 <record>
  <leader>06118nam a22009017a 4500</leader>
  <controlfield tag="001">000159126</controlfield>
  <controlfield tag="003">CZ-PrVSE</controlfield>
  <controlfield tag="005">20250925104434.0</controlfield>
  <controlfield tag="007">ta</controlfield>
  <controlfield tag="008">091124s2009    xr d   fr     000 0 cze d</controlfield>
  <datafield tag="015" ind1=" " ind2=" ">
   <subfield code="a">cnb002023438</subfield>
  </datafield>
  <datafield tag="020" ind1=" " ind2=" ">
   <subfield code="a">978-80-86929-53-8</subfield>
   <subfield code="q">(brož.)</subfield>
  </datafield>
  <datafield tag="035" ind1=" " ind2=" ">
   <subfield code="a">(OCoLC)681490718</subfield>
  </datafield>
  <datafield tag="040" ind1=" " ind2=" ">
   <subfield code="a">ABA006</subfield>
   <subfield code="b">cze</subfield>
   <subfield code="c">ABA006</subfield>
   <subfield code="d">ABA006</subfield>
  </datafield>
  <datafield tag="072" ind1=" " ind2="7">
   <subfield code="a">517</subfield>
   <subfield code="x">Matematická analýza</subfield>
   <subfield code="2">Konspekt</subfield>
   <subfield code="9">13</subfield>
  </datafield>
  <datafield tag="072" ind1=" " ind2="9">
   <subfield code="a">515</subfield>
   <subfield code="x">Analysis</subfield>
   <subfield code="2">Conspectus</subfield>
   <subfield code="9">13</subfield>
  </datafield>
  <datafield tag="080" ind1=" " ind2=" ">
   <subfield code="a">51</subfield>
   <subfield code="2">MRF_2014</subfield>
  </datafield>
  <datafield tag="080" ind1=" " ind2=" ">
   <subfield code="a">512.64</subfield>
   <subfield code="2">MRF_2003</subfield>
  </datafield>
  <datafield tag="080" ind1=" " ind2=" ">
   <subfield code="a">517.17</subfield>
   <subfield code="2">MRF_2003</subfield>
  </datafield>
  <datafield tag="080" ind1=" " ind2=" ">
   <subfield code="a">517.2</subfield>
   <subfield code="2">MRF_2003</subfield>
  </datafield>
  <datafield tag="080" ind1=" " ind2=" ">
   <subfield code="a">517.3</subfield>
   <subfield code="2">MRF_2003</subfield>
  </datafield>
  <datafield tag="080" ind1=" " ind2=" ">
   <subfield code="a">517.9</subfield>
   <subfield code="2">MRF_2003</subfield>
  </datafield>
  <datafield tag="080" ind1=" " ind2=" ">
   <subfield code="a">(075.8)</subfield>
   <subfield code="2">MRF_2003</subfield>
  </datafield>
  <datafield tag="099" ind1=" " ind2="9">
   <subfield code="a">517KAŇ</subfield>
  </datafield>
  <datafield tag="100" ind1="1" ind2=" ">
   <subfield code="a">Kaňka, Miloš</subfield>
   <subfield code="7">mzk2002164081</subfield>
   <subfield code="4">aut</subfield>
  </datafield>
  <datafield tag="245" ind1="1" ind2="0">
   <subfield code="a">Sbírka řešených příkladů z matematiky pro studenty vysokých škol /</subfield>
   <subfield code="c">Miloš Kaňka</subfield>
  </datafield>
  <datafield tag="250" ind1=" " ind2=" ">
   <subfield code="a">Vyd. 1.</subfield>
  </datafield>
  <datafield tag="260" ind1=" " ind2=" ">
   <subfield code="a">Praha :</subfield>
   <subfield code="b">Ekopress,</subfield>
   <subfield code="c">2009</subfield>
  </datafield>
  <datafield tag="300" ind1=" " ind2=" ">
   <subfield code="a">298 s. :</subfield>
   <subfield code="b">il.</subfield>
  </datafield>
  <datafield tag="504" ind1=" " ind2=" ">
   <subfield code="a">Obsahuje bibliografii</subfield>
  </datafield>
  <datafield tag="650" ind1="0" ind2="7">
   <subfield code="a">matematika</subfield>
   <subfield code="7">ph117231</subfield>
   <subfield code="2">czenas</subfield>
  </datafield>
  <datafield tag="650" ind1="0" ind2="7">
   <subfield code="a">lineární algebra</subfield>
   <subfield code="7">ph122353</subfield>
   <subfield code="2">czenas</subfield>
  </datafield>
  <datafield tag="650" ind1="0" ind2="7">
   <subfield code="a">limity funkcí</subfield>
   <subfield code="7">ph516212</subfield>
   <subfield code="2">czenas</subfield>
  </datafield>
  <datafield tag="650" ind1="0" ind2="7">
   <subfield code="a">diferenciální počet</subfield>
   <subfield code="7">ph119442</subfield>
   <subfield code="2">czenas</subfield>
  </datafield>
  <datafield tag="650" ind1="0" ind2="7">
   <subfield code="a">integrály</subfield>
   <subfield code="7">ph121136</subfield>
   <subfield code="2">czenas</subfield>
  </datafield>
  <datafield tag="650" ind1="0" ind2="7">
   <subfield code="a">diferenciální rovnice</subfield>
   <subfield code="7">ph119444</subfield>
   <subfield code="2">czenas</subfield>
  </datafield>
  <datafield tag="655" ind1=" " ind2="7">
   <subfield code="a">učebnice vysokých škol</subfield>
   <subfield code="7">fd133772</subfield>
   <subfield code="2">czenas</subfield>
  </datafield>
  <datafield tag="650" ind1="0" ind2="9">
   <subfield code="a">mathematics</subfield>
   <subfield code="2">eczenas</subfield>
  </datafield>
  <datafield tag="650" ind1="0" ind2="9">
   <subfield code="a">linear algebra</subfield>
   <subfield code="2">eczenas</subfield>
  </datafield>
  <datafield tag="650" ind1="0" ind2="9">
   <subfield code="a">functional limits</subfield>
   <subfield code="2">eczenas</subfield>
  </datafield>
  <datafield tag="650" ind1="0" ind2="9">
   <subfield code="a">differential calculus</subfield>
   <subfield code="2">eczenas</subfield>
  </datafield>
  <datafield tag="650" ind1="0" ind2="9">
   <subfield code="a">integrals</subfield>
   <subfield code="2">eczenas</subfield>
  </datafield>
  <datafield tag="650" ind1="0" ind2="9">
   <subfield code="a">differential equations</subfield>
   <subfield code="2">eczenas</subfield>
  </datafield>
  <datafield tag="655" ind1=" " ind2="9">
   <subfield code="a">textbooks (higher)</subfield>
   <subfield code="2">eczenas</subfield>
  </datafield>
  <datafield tag="993" ind1=" " ind2=" ">
   <subfield code="a">004026335</subfield>
  </datafield>
  <datafield tag="911" ind1=" " ind2=" ">
   <subfield code="a">ABA001</subfield>
   <subfield code="d">zdigitalizováno</subfield>
   <subfield code="u">http://krameriusndk.nkp.cz/search/handle/uuid:40cffc10-92f3-11e7-a9a4-005056827e51</subfield>
  </datafield>
  <datafield tag="911" ind1=" " ind2=" ">
   <subfield code="a">BOA001</subfield>
   <subfield code="d">zdigitalizováno</subfield>
   <subfield code="u">http://krameriusndk.mzk.cz/search/handle/uuid:40cffc10-92f3-11e7-a9a4-005056827e51</subfield>
  </datafield>
  <datafield tag="996" ind1=" " ind2=" ">
   <subfield code="1">HPUVV</subfield>
   <subfield code="3">A 8368-V1</subfield>
   <subfield code="4">N:P</subfield>
   <subfield code="5">4202131218</subfield>
   <subfield code="8">20091230</subfield>
   <subfield code="9">51KAŇ</subfield>
   <subfield code="f">81</subfield>
   <subfield code="l">UEP01</subfield>
   <subfield code="m">BOOK</subfield>
   <subfield code="q">Knihovna FM JH volný výběr</subfield>
   <subfield code="t">na 1 měsíc</subfield>
   <subfield code="u">UEP01</subfield>
  </datafield>
  <datafield tag="996" ind1=" " ind2=" ">
   <subfield code="1">HPUVV</subfield>
   <subfield code="3">A 8368-V2</subfield>
   <subfield code="4">N:P</subfield>
   <subfield code="5">4202131219</subfield>
   <subfield code="8">20091230</subfield>
   <subfield code="9">51KAŇ</subfield>
   <subfield code="f">81</subfield>
   <subfield code="l">UEP01</subfield>
   <subfield code="m">BOOK</subfield>
   <subfield code="q">Knihovna FM JH volný výběr</subfield>
   <subfield code="t">na 1 měsíc</subfield>
   <subfield code="u">UEP01</subfield>
  </datafield>
  <datafield tag="996" ind1=" " ind2=" ">
   <subfield code="1">HPUVV</subfield>
   <subfield code="3">A 8368-V3</subfield>
   <subfield code="4">N:P</subfield>
   <subfield code="5">4202132200</subfield>
   <subfield code="8">20100610</subfield>
   <subfield code="9">51KAŇ</subfield>
   <subfield code="f">81</subfield>
   <subfield code="l">UEP01</subfield>
   <subfield code="m">BOOK</subfield>
   <subfield code="q">Knihovna FM JH volný výběr</subfield>
   <subfield code="t">na 1 měsíc</subfield>
   <subfield code="u">UEP01</subfield>
  </datafield>
  <datafield tag="996" ind1=" " ind2=" ">
   <subfield code="1">HPUVV</subfield>
   <subfield code="3">A 8368-V4</subfield>
   <subfield code="4">N:P</subfield>
   <subfield code="5">4202132201</subfield>
   <subfield code="8">20100610</subfield>
   <subfield code="9">51KAŇ</subfield>
   <subfield code="f">81</subfield>
   <subfield code="l">UEP01</subfield>
   <subfield code="m">BOOK</subfield>
   <subfield code="q">Knihovna FM JH volný výběr</subfield>
   <subfield code="t">na 1 měsíc</subfield>
   <subfield code="u">UEP01</subfield>
  </datafield>
  <datafield tag="996" ind1=" " ind2=" ">
   <subfield code="1">HPUVV</subfield>
   <subfield code="3">A 8368-V5</subfield>
   <subfield code="4">N:P</subfield>
   <subfield code="5">4202132202</subfield>
   <subfield code="8">20100610</subfield>
   <subfield code="9">51KAŇ</subfield>
   <subfield code="f">81</subfield>
   <subfield code="l">UEP01</subfield>
   <subfield code="m">BOOK</subfield>
   <subfield code="q">Knihovna FM JH volný výběr</subfield>
   <subfield code="t">na 1 měsíc</subfield>
   <subfield code="u">UEP01</subfield>
  </datafield>
  <datafield tag="996" ind1=" " ind2=" ">
   <subfield code="1">PJMHS</subfield>
   <subfield code="3">F203064dd</subfield>
   <subfield code="4">N:G</subfield>
   <subfield code="5">3142276972</subfield>
   <subfield code="8">20140909</subfield>
   <subfield code="9">517KAŇ</subfield>
   <subfield code="f">81</subfield>
   <subfield code="l">UEP01</subfield>
   <subfield code="m">BOOK</subfield>
   <subfield code="q">Studovna JM</subfield>
   <subfield code="t">na 1 měsíc</subfield>
   <subfield code="u">UEP01</subfield>
   <subfield code="w">20141014</subfield>
  </datafield>
  <datafield tag="996" ind1=" " ind2=" ">
   <subfield code="1">PJMHS</subfield>
   <subfield code="3">F203064f</subfield>
   <subfield code="4">N:P</subfield>
   <subfield code="5">3142233662</subfield>
   <subfield code="8">20091124</subfield>
   <subfield code="9">517KAŇ</subfield>
   <subfield code="f">81</subfield>
   <subfield code="g">22150</subfield>
   <subfield code="l">UEP01</subfield>
   <subfield code="m">BOOK</subfield>
   <subfield code="p">MI</subfield>
   <subfield code="q">Studovna JM</subfield>
   <subfield code="t">na 1 měsíc</subfield>
   <subfield code="u">UEP01</subfield>
   <subfield code="v">Ztráta</subfield>
   <subfield code="w">20091216</subfield>
  </datafield>
  <datafield tag="996" ind1=" " ind2=" ">
   <subfield code="1">PJMHS</subfield>
   <subfield code="3">F203064g</subfield>
   <subfield code="4">N:P</subfield>
   <subfield code="5">3142233663</subfield>
   <subfield code="8">20091124</subfield>
   <subfield code="9">517KAŇ</subfield>
   <subfield code="f">81</subfield>
   <subfield code="g">22150</subfield>
   <subfield code="l">UEP01</subfield>
   <subfield code="m">BOOK</subfield>
   <subfield code="q">Studovna JM</subfield>
   <subfield code="t">na 1 měsíc</subfield>
   <subfield code="u">UEP01</subfield>
   <subfield code="w">20091216</subfield>
  </datafield>
  <datafield tag="996" ind1=" " ind2=" ">
   <subfield code="1">PJMHS</subfield>
   <subfield code="3">F203064h</subfield>
   <subfield code="4">N:P</subfield>
   <subfield code="5">3142233664</subfield>
   <subfield code="8">20091124</subfield>
   <subfield code="9">517KAŇ</subfield>
   <subfield code="f">85</subfield>
   <subfield code="g">22150</subfield>
   <subfield code="l">UEP01</subfield>
   <subfield code="m">BOOK</subfield>
   <subfield code="q">Studovna JM</subfield>
   <subfield code="t">prezenční</subfield>
   <subfield code="u">UEP01</subfield>
   <subfield code="w">20091216</subfield>
  </datafield>
  <datafield tag="996" ind1=" " ind2=" ">
   <subfield code="1">PJMSK</subfield>
   <subfield code="3">F203064bb</subfield>
   <subfield code="4">N:P</subfield>
   <subfield code="5">3142238101</subfield>
   <subfield code="8">20100603</subfield>
   <subfield code="9">517KAŇ</subfield>
   <subfield code="f">81</subfield>
   <subfield code="g">23927</subfield>
   <subfield code="l">UEP01</subfield>
   <subfield code="m">BOOK</subfield>
   <subfield code="q">Knihovna JM - sklad</subfield>
   <subfield code="t">na 1 měsíc</subfield>
   <subfield code="u">UEP01</subfield>
   <subfield code="w">20100709</subfield>
  </datafield>
  <datafield tag="996" ind1=" " ind2=" ">
   <subfield code="1">PJMSK</subfield>
   <subfield code="3">F203064r</subfield>
   <subfield code="4">N:P</subfield>
   <subfield code="5">3142233197</subfield>
   <subfield code="8">20091124</subfield>
   <subfield code="9">517KAŇ</subfield>
   <subfield code="f">81</subfield>
   <subfield code="g">22151</subfield>
   <subfield code="l">UEP01</subfield>
   <subfield code="m">BOOK</subfield>
   <subfield code="q">Knihovna JM - sklad</subfield>
   <subfield code="t">na 1 měsíc</subfield>
   <subfield code="u">UEP01</subfield>
   <subfield code="w">20091203</subfield>
  </datafield>
  <datafield tag="996" ind1=" " ind2=" ">
   <subfield code="1">PJMSK</subfield>
   <subfield code="3">F203064s</subfield>
   <subfield code="4">N:P</subfield>
   <subfield code="5">3142233198</subfield>
   <subfield code="8">20091124</subfield>
   <subfield code="9">517KAŇ</subfield>
   <subfield code="f">81</subfield>
   <subfield code="g">22151</subfield>
   <subfield code="l">UEP01</subfield>
   <subfield code="m">BOOK</subfield>
   <subfield code="q">Knihovna JM - sklad</subfield>
   <subfield code="t">na 1 měsíc</subfield>
   <subfield code="u">UEP01</subfield>
   <subfield code="w">20091203</subfield>
  </datafield>
  <datafield tag="996" ind1=" " ind2=" ">
   <subfield code="1">PKMAT</subfield>
   <subfield code="3">F203064ee</subfield>
   <subfield code="4">N:náhrada</subfield>
   <subfield code="5">3142286857</subfield>
   <subfield code="8">20160105</subfield>
   <subfield code="9">517KAŇ</subfield>
   <subfield code="f">83</subfield>
   <subfield code="l">UEP01</subfield>
   <subfield code="m">BOOK</subfield>
   <subfield code="q">KMAT</subfield>
   <subfield code="t">na dislokovaném</subfield>
   <subfield code="u">UEP01</subfield>
   <subfield code="w">20160105</subfield>
  </datafield>
  <datafield tag="996" ind1=" " ind2=" ">
   <subfield code="1">PKMAT</subfield>
   <subfield code="3">F203064k</subfield>
   <subfield code="4">N:P</subfield>
   <subfield code="5">3142233190</subfield>
   <subfield code="8">20091124</subfield>
   <subfield code="9">517KAŇ</subfield>
   <subfield code="f">83</subfield>
   <subfield code="g">22151</subfield>
   <subfield code="l">UEP01</subfield>
   <subfield code="m">BOOK</subfield>
   <subfield code="p">MI</subfield>
   <subfield code="q">KMAT</subfield>
   <subfield code="t">na dislokovaném</subfield>
   <subfield code="u">UEP01</subfield>
   <subfield code="v">Ztráta</subfield>
   <subfield code="w">20091203</subfield>
  </datafield>
  <datafield tag="996" ind1=" " ind2=" ">
   <subfield code="1">PKMAT</subfield>
   <subfield code="3">F203064l</subfield>
   <subfield code="4">N:P</subfield>
   <subfield code="5">3142233191</subfield>
   <subfield code="8">20091124</subfield>
   <subfield code="9">517KAŇ</subfield>
   <subfield code="f">83</subfield>
   <subfield code="g">22151</subfield>
   <subfield code="l">UEP01</subfield>
   <subfield code="m">BOOK</subfield>
   <subfield code="q">KMAT</subfield>
   <subfield code="t">na dislokovaném</subfield>
   <subfield code="u">UEP01</subfield>
   <subfield code="w">20091203</subfield>
  </datafield>
  <datafield tag="996" ind1=" " ind2=" ">
   <subfield code="1">PKMAT</subfield>
   <subfield code="3">F203064m</subfield>
   <subfield code="4">N:P</subfield>
   <subfield code="5">3142233192</subfield>
   <subfield code="8">20091124</subfield>
   <subfield code="9">517KAŇ</subfield>
   <subfield code="f">83</subfield>
   <subfield code="g">22151</subfield>
   <subfield code="l">UEP01</subfield>
   <subfield code="m">BOOK</subfield>
   <subfield code="p">MI</subfield>
   <subfield code="q">KMAT</subfield>
   <subfield code="t">na dislokovaném</subfield>
   <subfield code="u">UEP01</subfield>
   <subfield code="v">Ztráta</subfield>
   <subfield code="w">20091203</subfield>
  </datafield>
  <datafield tag="996" ind1=" " ind2=" ">
   <subfield code="1">PKMAT</subfield>
   <subfield code="3">F203064n</subfield>
   <subfield code="4">N:P</subfield>
   <subfield code="5">3142233193</subfield>
   <subfield code="8">20091124</subfield>
   <subfield code="9">517KAŇ</subfield>
   <subfield code="f">83</subfield>
   <subfield code="g">22151</subfield>
   <subfield code="l">UEP01</subfield>
   <subfield code="m">BOOK</subfield>
   <subfield code="q">KMAT</subfield>
   <subfield code="t">na dislokovaném</subfield>
   <subfield code="u">UEP01</subfield>
   <subfield code="w">20091203</subfield>
  </datafield>
  <datafield tag="996" ind1=" " ind2=" ">
   <subfield code="1">PKMAT</subfield>
   <subfield code="3">F203064o</subfield>
   <subfield code="4">N:P</subfield>
   <subfield code="5">3142233194</subfield>
   <subfield code="8">20091124</subfield>
   <subfield code="9">517KAŇ</subfield>
   <subfield code="f">83</subfield>
   <subfield code="g">22151</subfield>
   <subfield code="l">UEP01</subfield>
   <subfield code="m">BOOK</subfield>
   <subfield code="p">MI</subfield>
   <subfield code="q">KMAT</subfield>
   <subfield code="t">na dislokovaném</subfield>
   <subfield code="u">UEP01</subfield>
   <subfield code="v">Ztráta</subfield>
   <subfield code="w">20091203</subfield>
  </datafield>
  <datafield tag="996" ind1=" " ind2=" ">
   <subfield code="1">PKMAT</subfield>
   <subfield code="3">F203064p</subfield>
   <subfield code="4">N:P</subfield>
   <subfield code="5">3142233195</subfield>
   <subfield code="8">20091124</subfield>
   <subfield code="9">517KAŇ</subfield>
   <subfield code="f">83</subfield>
   <subfield code="g">22151</subfield>
   <subfield code="l">UEP01</subfield>
   <subfield code="m">BOOK</subfield>
   <subfield code="q">KMAT</subfield>
   <subfield code="s">DISLOK: Sýkorová, Irena - ISIS231</subfield>
   <subfield code="t">na dislokovaném</subfield>
   <subfield code="u">UEP01</subfield>
   <subfield code="w">20091203</subfield>
  </datafield>
  <datafield tag="996" ind1=" " ind2=" ">
   <subfield code="1">PKMAT</subfield>
   <subfield code="3">F203064q</subfield>
   <subfield code="4">N:P</subfield>
   <subfield code="5">3142233196</subfield>
   <subfield code="8">20091124</subfield>
   <subfield code="9">517KAŇ</subfield>
   <subfield code="f">83</subfield>
   <subfield code="g">22151</subfield>
   <subfield code="l">UEP01</subfield>
   <subfield code="m">BOOK</subfield>
   <subfield code="p">MI</subfield>
   <subfield code="q">KMAT</subfield>
   <subfield code="t">na dislokovaném</subfield>
   <subfield code="u">UEP01</subfield>
   <subfield code="v">Ztráta</subfield>
   <subfield code="w">20091203</subfield>
  </datafield>
  <datafield tag="996" ind1=" " ind2=" ">
   <subfield code="1">PKMAT</subfield>
   <subfield code="3">F203064t</subfield>
   <subfield code="4">N:P</subfield>
   <subfield code="5">3142233199</subfield>
   <subfield code="8">20091124</subfield>
   <subfield code="9">517KAŇ</subfield>
   <subfield code="f">83</subfield>
   <subfield code="g">22151</subfield>
   <subfield code="l">UEP01</subfield>
   <subfield code="m">BOOK</subfield>
   <subfield code="q">KMAT</subfield>
   <subfield code="s">DISLOK: Horský, Richard - ISIS51234</subfield>
   <subfield code="t">na dislokovaném</subfield>
   <subfield code="u">UEP01</subfield>
   <subfield code="w">20091203</subfield>
  </datafield>
  <datafield tag="996" ind1=" " ind2=" ">
   <subfield code="1">PKMAT</subfield>
   <subfield code="3">F203064u</subfield>
   <subfield code="4">N:P</subfield>
   <subfield code="5">3142233200</subfield>
   <subfield code="8">20091124</subfield>
   <subfield code="9">517KAŇ</subfield>
   <subfield code="f">83</subfield>
   <subfield code="g">22151</subfield>
   <subfield code="l">UEP01</subfield>
   <subfield code="m">BOOK</subfield>
   <subfield code="q">KMAT</subfield>
   <subfield code="s">DISLOK: Klůfa, Jindřich - ISIS813</subfield>
   <subfield code="t">na dislokovaném</subfield>
   <subfield code="u">UEP01</subfield>
   <subfield code="w">20091203</subfield>
  </datafield>
  <datafield tag="996" ind1=" " ind2=" ">
   <subfield code="1">PKMAT</subfield>
   <subfield code="3">F203064w</subfield>
   <subfield code="4">N:P</subfield>
   <subfield code="5">3142233202</subfield>
   <subfield code="8">20091124</subfield>
   <subfield code="9">517KAŇ</subfield>
   <subfield code="f">83</subfield>
   <subfield code="g">22151</subfield>
   <subfield code="l">UEP01</subfield>
   <subfield code="m">BOOK</subfield>
   <subfield code="q">KMAT</subfield>
   <subfield code="t">na dislokovaném</subfield>
   <subfield code="u">UEP01</subfield>
   <subfield code="w">20091203</subfield>
  </datafield>
  <datafield tag="996" ind1=" " ind2=" ">
   <subfield code="1">PKMAT</subfield>
   <subfield code="3">F203064y</subfield>
   <subfield code="4">N:P</subfield>
   <subfield code="5">3142233204</subfield>
   <subfield code="8">20091124</subfield>
   <subfield code="9">517KAŇ</subfield>
   <subfield code="f">83</subfield>
   <subfield code="g">22151</subfield>
   <subfield code="l">UEP01</subfield>
   <subfield code="m">BOOK</subfield>
   <subfield code="q">KMAT</subfield>
   <subfield code="t">na dislokovaném</subfield>
   <subfield code="u">UEP01</subfield>
   <subfield code="w">20091203</subfield>
  </datafield>
  <datafield tag="996" ind1=" " ind2=" ">
   <subfield code="1">PSKLA</subfield>
   <subfield code="3">F203064aa</subfield>
   <subfield code="4">N:P</subfield>
   <subfield code="5">3142238100</subfield>
   <subfield code="8">20100603</subfield>
   <subfield code="9">517KAŇ</subfield>
   <subfield code="f">81</subfield>
   <subfield code="g">23927</subfield>
   <subfield code="l">UEP01</subfield>
   <subfield code="m">BOOK</subfield>
   <subfield code="q">Knihovna Žižkov - sklad</subfield>
   <subfield code="t">na 1 měsíc</subfield>
   <subfield code="u">UEP01</subfield>
   <subfield code="w">20100608</subfield>
  </datafield>
  <datafield tag="996" ind1=" " ind2=" ">
   <subfield code="1">PSKLA</subfield>
   <subfield code="3">F203064b</subfield>
   <subfield code="4">N:P</subfield>
   <subfield code="5">3142233658</subfield>
   <subfield code="8">20091124</subfield>
   <subfield code="9">517KAŇ</subfield>
   <subfield code="f">81</subfield>
   <subfield code="g">22150</subfield>
   <subfield code="l">UEP01</subfield>
   <subfield code="m">BOOK</subfield>
   <subfield code="q">Knihovna Žižkov - sklad</subfield>
   <subfield code="t">na 1 měsíc</subfield>
   <subfield code="u">UEP01</subfield>
   <subfield code="w">20091202</subfield>
  </datafield>
  <datafield tag="996" ind1=" " ind2=" ">
   <subfield code="1">PSKLA</subfield>
   <subfield code="3">F203064e</subfield>
   <subfield code="4">N:P</subfield>
   <subfield code="5">3142233661</subfield>
   <subfield code="8">20091124</subfield>
   <subfield code="9">517KAŇ</subfield>
   <subfield code="f">81</subfield>
   <subfield code="g">22150</subfield>
   <subfield code="l">UEP01</subfield>
   <subfield code="m">BOOK</subfield>
   <subfield code="q">Knihovna Žižkov - sklad</subfield>
   <subfield code="t">na 1 měsíc</subfield>
   <subfield code="u">UEP01</subfield>
   <subfield code="w">20091202</subfield>
  </datafield>
  <datafield tag="996" ind1=" " ind2=" ">
   <subfield code="1">PSKLA</subfield>
   <subfield code="3">F203064z</subfield>
   <subfield code="4">N:P</subfield>
   <subfield code="5">3142238098</subfield>
   <subfield code="8">20100603</subfield>
   <subfield code="9">517KAŇ</subfield>
   <subfield code="f">81</subfield>
   <subfield code="g">23927</subfield>
   <subfield code="l">UEP01</subfield>
   <subfield code="m">BOOK</subfield>
   <subfield code="q">Knihovna Žižkov - sklad</subfield>
   <subfield code="t">na 1 měsíc</subfield>
   <subfield code="u">UEP01</subfield>
   <subfield code="w">20100608</subfield>
  </datafield>
  <datafield tag="996" ind1=" " ind2=" ">
   <subfield code="1">PSTUD</subfield>
   <subfield code="3">F203064</subfield>
   <subfield code="4">N:P</subfield>
   <subfield code="5">3142233656</subfield>
   <subfield code="8">20091124</subfield>
   <subfield code="9">517KAŇ</subfield>
   <subfield code="f">85</subfield>
   <subfield code="g">22150</subfield>
   <subfield code="l">UEP01</subfield>
   <subfield code="m">BOOK</subfield>
   <subfield code="q">Studovna Žižkov</subfield>
   <subfield code="t">prezenční</subfield>
   <subfield code="u">UEP01</subfield>
   <subfield code="w">20091207</subfield>
  </datafield>
 </record>
</collection>
